Vista normal
Vista MARC
Entrada Materia (personas)
Número de registros utilizados en: 1
001 - CONTROL NUMBER
- control field: 88819
003 - CONTROL NUMBER IDENTIFIER
- control field: Co-BoUCM
005 - DATE AND TIME OF LATEST TRANSACTION
- control field: 20171110112444.0
008 - FIXED-LENGTH DATA ELEMENTS
- fixed length control field: 171110|| aca||aabn | a|a d
040 ## - CATALOGING SOURCE
- Original cataloging agency: Co-BoUCM
- Transcribing agency: Co-BoUCM
100 ## - HEADING--PERSONAL NAME
- Personal name: Ariza Olarte, Claudia
670 ## - SOURCE DATA FOUND
- Source citation: Work cat.: (Co-BoUCM)308374: Ariza Olarte, Claudia, Cuidado de enfermería al paciente en postoperatorio temprano de revascularización miocárdica, 2012